Statistics for England World Cup Squad 2022

Click here to take the quiz!

General Stats

  • This quiz has been taken 66 times
  • The average score is 23 of 26

Answer Stats

ClubPositionSquad NumberAnswer% Correct
TottenhamForward9Harry Kane
100%
EvertonGoalkeeper1Jordan Pickford
98%
Man UnitedDefender6Harry Maguire
95%
Man CityDefender5John Stones
95%
Man UnitedForward11Marcus Rashford
95%
ChelseaForward10Raheem Sterling
95%
West HamMidfielder4Declan Rice
93%
LiverpoolMidfielder8Jordan Henderson
93%
Borussia DortmundMidfielder22Jude Bellingham
92%
Man CityDefender2Kyle Walker
92%
LiverpoolDefender18Trent Alexander-Arnold
92%
ArsenalForward17Bukayo Saka
90%
Man UnitedDefender3Luke Shaw
90%
Man CityForward7Jack Grealish
88%
ChelseaMidfielder19Mason Mount
88%
ArsenalGoalkeeper23Aaron Ramsdale
85%
NewcastleDefender12Kieran Trippier
85%
Man CityForward20Phil Foden
85%
TottenhamDefender15Eric Dier
83%
LeicesterForward25James Maddison
83%
ArsenalDefender21Ben White
81%
NewcastleGoalkeeper13Nick Pope
81%
NewcastleForward24Callum Wilson
80%
ChelseaMidfielder26Conor Gallagher
69%
Man CityMidfielder14Kalvin Phillips
68%
EvertonDefender16Conor Coady
56%

Score Distribution

Percentile by Number Answered

Percent of People with Each Score

Your Score History

You have not taken this quiz